| 000 | 00722nam a22002057a 4500 | ||
|---|---|---|---|
| 010 | _aENG-100768 | ||
| 020 |
_c285.00 _a9788125038429 |
||
| 035 | _aEN-84301 | ||
| 037 | _bDBAD / PUB | ||
| 082 | _a401 | ||
| 100 |
_aPremakumari Dheram _914469 |
||
| 245 |
_aPromoting learner autonomy : _cby Premakumari Dheram _ba teacher's reflections on ESL in India / |
||
| 260 |
_aHyderabad _bOrient BlackSwan _c2010 |
||
| 270 |
_a3-6-752, Himayatnagar _bHyderabad _e500029 |
||
| 300 |
_axii, 100 p. _c24cm (Pbk) |
||
| 500 | _aIncludes Index | ||
| 700 | _96162 | ||
| 942 |
_2ddc _cEN _mPRE _h401 |
||
| 999 |
_c42319 _d42319 |
||